00323 a2200109 4500001000700000020000600007040001100013100002700024240007900051245007400130362000900204167092 a  cMagnum aTorres, Carlos Alberto10aEducacao, poder e biografia pessoal: dialogos com educadores criticoslpor10aEducacao, poder e biografia pessoal: dialogos com educadores criticos0 a1899